000
00305nam a2200121Ia 4500
008
240521s2015 xx 000 0 und d
020
_a
978-0-9793801-5-0
041
_a
eng
100
_a
OSCAR RIERA OJEDA
245
_a
SASAKI- INTERSECTION & CONVERGENE
260
_b
GRABGE BOOKS
_c
2015
300
_a
356
999
_c
1161846
_d
1161846